A čo po tom? praktický sprievodca pre ženy s rakovinou prsníka

Bibliographic Details
Main Authors: Brňáková, Anna (Author), Machovcová, Gabriela (Author), Salman, Jaroslava (Author)
Other Authors: Ličko, Peter (Illustrator), Hajtman, Michal (Photographer)
Format: Book
Language:Slovak
PhysicalDescription:127 strán farebné fotografie a ilustrácie, portréty 24 cm
Published: [Bratislava] [Zdravotná podprsenka spol s.r.o.] 2024
ISBN:9788097490300
Subjects:

MARC

LEADER 00000cam a2200000 4500
001 vtls012266785
003 SK-MaSNL
005 20260301124629.0
008 241111s2024 xo oac f f 010 0 slo
015 |a SNBA2025/02 
020 |a 9788097490300  |q (brožované) 
040 |a SNK  |b slo  |c SNK  |e rda 
041 0 |a slo 
044 |a xo  |c SK 
072 7 |a 618  |x Gynekológia. Pôrodníctvo  |2 konspekt 
080 |a 618.19-006.04  |2 2011 
080 |a (036)  |2 2011 
080 |a (035)  |2 2011 
080 |a (0:82-32)  |2 2011 
100 1 |a Brňáková, Anna  |4 aut  |9 473365 
245 1 0 |a A čo po tom?  |b praktický sprievodca pre ženy s rakovinou prsníka  |c autorky textu: Anna Brňáková, Gabriela Machovcová 
246 3 0 |a Praktický sprievodca pre ženy s rakovinou prsníka 
264 1 |a [Bratislava]  |b [Zdravotná podprsenka spol s.r.o.]  |c 2024 
300 |a 127 strán  |b farebné fotografie a ilustrácie, portréty  |c 24 cm 
336 |a text  |b txt  |2 rdacontent 
337 |a bez média  |b n  |2 rdamedia 
338 |a zväzok  |b nc  |2 rdacarrier 
500 |a Na titulnom liste nad názvom: Bonus ku knihe - Inštruktážne vídeá. Prevencia lymfedému 
650 0 7 |a rakovina prsníka‬  |2 SNKPH  |9 2581 
650 0 7 |a Breast cancer  |2 SNKPHeng  |9 306551 
655 7 |a príručky  |2 SNKPH  |9 74364 
655 7 |a informačné publikácie  |2 SNKPH  |9 70181 
655 7 |a Handbooks, manuals, etc.  |2 SNKPHeng  |9 90964 
655 7 |a Information publications  |2 SNKPHeng  |9 265188 
655 7 |a skutočné príbehy  |2 SNKPH  |9 86728 
655 7 |a Stories  |2 SNKPHeng  |9 265785 
700 1 |a Machovcová, Gabriela  |4 aut  |9 473366 
700 1 |a Ličko, Peter  |4 ill  |9 366983 
700 1 |a Hajtman, Michal  |4 pht  |9 473367 
700 1 |a Pleva, Milan  |4 bkd  |9 372179 
700 1 |a Salman, Jaroslava  |4 aut  |9 473368 
852 |a Slovenská národná knižnica 
919 |a 978-80-974903-0-0 
954 |a odborná, vedecká literatúra pôvodná (slovenská)  |2 lita 
999 |c 740010  |d 741940 
952 |a SNK  |b SNK  |y VYP  |7 0  |p 17A1580285  |o snkSC 208950 D1  |i snk2025/14965  |8 3  |g 16.50  |0 0  |1 0  |4 0  |d 2025-09-24  |l 0  |r 2026-02-23 22:56:30  |w 2026-02-23 
952 |a SNK  |b SNK  |y PREZ  |7 0  |p 17A1563759  |o snkSC 208950  |i snk2025/828  |8 0  |0 0  |1 0  |4 0  |d 2025-01-21  |l 0  |r 2025-11-03 00:00:00  |w 2026-02-23